Воин царя земнаго во всеоружии царя небеснаго. (Запись № 5135993)

Подробности
000 -МАРКЕР
контрольное поле 02586nam0a22004931 4500
001 - ИДЕНТИФИКАТОР ЗАПИСИ
контрольное поле v19\rc\2110091
005 - ИДЕНТИФИКАТОР ВЕРСИИ
контрольное поле 20260406163651.0
035 ## - ДРУГИЕ СИСТЕМНЫЕ НОМЕРА
Идентификатор записи (NLR Aleph) 005181534
100 ## - ДАННЫЕ ОБЩЕЙ ОБРАБОТКИ
Данные общей обработки 20090914d1816 |||y0rusy50 ca
101 1# - ЯЗЫК РЕСУРСА
Язык текста, звукозаписи и т.д. русский
Язык оригинала английский
102 ## - СТРАНА ПУБЛИКАЦИИ ИЛИ ПРОИЗВОДСТВА
Страна публикации Российская Федерация
135 ## - ПОЛЕ КОДИРОВАННЫХ ДАННЫХ: ЭЛЕКТРОННЫЕ РЕСУРСЫ
Кодированные данные для электронного ресурса crcn 024anaba
140 ## - ПОЛЕ КОДИРОВАННЫХ ДАННЫХ: СТАРОПЕЧАТНЫЕ ИЗДАНИЯ - ОБЩАЯ ИНФОРМАЦИЯ
Кодированные данные о старопечатном издании - Основные y y layaa0000
200 1# - ЗАГЛАВИЕ И СВЕДЕНИЯ ОБ ОТВЕТСТВЕННОСТИ
Основное заглавие Воин царя земнаго во всеоружии царя небеснаго.
Сведения, относящиеся к заглавию [Пер. с англ.]
210 ## - ПУБЛИКАЦИЯ, РАСПРОСТРАНЕНИЕ И ДР.
Место издания, распространения и т.д. Санктпетербург
Имя издателя, распространителя и т. д. в типографии Ф. Дрехслера
Дата издания, распространения и т.д. 1816
215 ## - ФИЗИЧЕСКАЯ ХАРАКТЕРИСТИКА
Специфическое обозначение материала и объем 72 с.
Размеры
300 ## - ОБЩИЕ ПРИМЕЧАНИЯ
Текст примечания Ценз.: Иннокентий (Смирнов), 28 авг. 1816 г.
300 ## - ОБЩИЕ ПРИМЕЧАНИЯ
Текст примечания В пер. брошюры принимала участие С.С.Мещерская.
316 ## - ПРИМЕЧАНИЯ ОБ ОСОБЕННОСТЯХ ЭКЗЕМПЛЯРА
Текст примечания Экз. РНБ (18.127.3.217) в обл. из белой бумаги. На 1-й с. обл. ярлык с шифром РНБ. На 2-й с. обл. пустой ярлык. На тит. л., с.33 и72 круглый штамп ГПБ. Размер: 19,0х12,1х0,6 см.
Организация и экземпляр, к которому относится поле NLR: 18.127.3.217
321 1# - ПРИМЕЧАНИЯ ОБ ОТДЕЛЬНО ИЗДАННЫХ УКАЗАТЕЛЯХ / РЕФЕРАТАХ / ССЫЛКАХ, ОТРАЖАЮЩИХ КАТАЛОГИЗИРУЕМЫЙ ДОКУМЕНТ
Примечания об указателях, рефератах, ссылках СК 1801-1825 1231
325 ## - ПРИМЕЧАНИЕ О КОПИИ
Текст примечания Копия доступна в Электрон. б-ке РНБ
518 1# - ЗАГЛАВИЕ В СТАНДАРТНОМ СОВРЕМЕННОМ ПРАВОПИСАНИИ
Основное заглавие, вариант заглавия или унифицированное заглавие Воин царя земного во всеоружии царя небесного
620 ## - МЕСТО И ДАТА ПУБЛИКАЦИИ, ИСПОЛНЕНИЯ И Т. Д.
Город Санкт-Петербург
702 #1 - ИМЯ ЛИЦА - ВТОРИЧНАЯ ОТВЕТСТВЕННОСТЬ
Начальный элемент ввода Мещерская
Часть имени, кроме начального элемента ввода С.С.
Даты 1775-1848
Расширение инициалов личного имени София Сергеевна
Код отношения Переводчик
702 #1 - ИМЯ ЛИЦА - ВТОРИЧНАЯ ОТВЕТСТВЕННОСТЬ
Начальный элемент ввода Дрехслер
Часть имени, кроме начального элемента ввода Ф.
Расширение инициалов личного имени Федор
Код отношения Печатник (типограф)
702 #0 - ИМЯ ЛИЦА - ВТОРИЧНАЯ ОТВЕТСТВЕННОСТЬ
Код отношения Цензор
Материалы, к которым относится поле rus
Графика поля Кириллица
Начальный элемент ввода Иннокентий
Дополнения к именам, кроме дат Смирнов, Илларион Дмитриевич
-- епископ
Даты 1784-1819
Идентификатор авторитетной/нормативной записи RU\NLR\AUTH\7710299
Системный номер авторитетной/нормативной записи 120078
712 00 - НАИМЕНОВАНИЕ ОРГАНИЗАЦИИ - ВТОРИЧНАЯ ОТВЕТСТВЕННОСТЬ
Код отношения Печатник (типограф)
Начальный элемент ввода Дрехслер,
Идентифицирующий признак Петербург
Инверсированный элемент Ф.,
Часть наименования, отличная от начального элемента ввода и от инверсированного элемента типография
Системный номер авторитетной/нормативной записи 711214
Идентификатор авторитетной/нормативной записи RU\NLR\AUTH\880524866
801 #0 - ИСТОЧНИК ЗАПИСИ
Страна Российская Федерация
Организация NLR
Правила каталогизации psbo
801 #1 - ИСТОЧНИК ЗАПИСИ
Страна Российская Федерация
Организация ProSoft-M
Источник данных rusmarc
801 #2 - ИСТОЧНИК ЗАПИСИ
Страна Российская Федерация
Организация NLR
Дата составления 20150506
Источник данных rusmarc
852 ## - МЕСТОНАХОЖДЕНИЕ И ШИФР ХРАНЕНИЯ
Идентификатор организации NLR
Шифр хранения (Call Number) 18.127.3.217
942 ## - ДОПОЛНИТЕЛЬНЫЕ ЭЛЕМЕНТЫ ЗАПИСИ (АБИС)
Тип экземпляра АБИС Книга
980 ## - КОЛЛЕКЦИЯ
Название коллекции Национальная библиография
980 3# - КОЛЛЕКЦИЯ
Название коллекции
980 3# - КОЛЛЕКЦИЯ
Название коллекции
980 3# - КОЛЛЕКЦИЯ
Название коллекции
981 22 - КОЛЛЕКЦИЯ ЭЛЕКТРОННОЙ БИБЛИОТЕКИ
Название коллекции Материалы по истории России
Название подколлекции 2.10. Религиозные конфессии
981 20 - КОЛЛЕКЦИЯ ЭЛЕКТРОННОЙ БИБЛИОТЕКИ
Название коллекции Книжные памятники РНБ
Название подколлекции Русский книжный фонд
Экземпляры
Тип экземпляра Дата поступления Библиотека постоянного хранения Библиотека текущего хранения Место хранения Шифр хранения Штрих-код Статус экземпляра
Книга 26.10.2013 РНБ (Садовая) РНБ (Садовая) Русский книжный фонд -Главное здание, Ленинский читальный зал 18.127.3.217 5181534-10